MDQL
is popping MORE tags! Check the
thread
!
Quizzes
Events
Quiz Creation
Community
Videos
Private Events
Remove Ads
Sign In
Join for FREE
Feedback
Dark Mode
Quiz Categories
Sports
Geography
Music
Movies
Television
Just For Fun
Miscellaneous
History
Literature
Language
Science
Gaming
Entertainment
Religion
Holiday
For Kids
Quiz Lab
Recent
Popular Today
Quiz Kudos Today
Editor Picks
Curator Picks
Quizzes by...
Day
Popularity
Type
Ratings
Length
Year
Community
Subscriptions
Recent Discussions
Orange Saloon
Badges
Playlists
Quests
Create
Leaderboards
Showdown
Live 5
Trivia Bingo
Activity
Puzzle Library
Sporcle Events
Private Events
Virtual Trivia
Globe League
Become a Host
Pub Owners
SporcleCon
Opinionation
Our Games
Videos
Blog
Mobile Apps
Partnerships
Remove Ads and Go Orange
Feedback
Television
TV Characters
TV Show
Sitcom
Network
Friends
Reality Shows
Cast
South Park
Star Trek
The Simpsons
Doctor Who
Television
TV Characters
TV Show
Sitcom
Network
Friends
Reality Shows
Cast
South Park
Star Trek
The Simpsons
Doctor Who
Random Quiz
Search Sporcle
×
Quiz Lab
Quiz Lab
Television
Clickable
Select answers by clicking on text or image buttons
Select answers by clicking on text or image buttons
Clickable
Best Score? Go Orange.
10 to 1 Shooting Gallery: The Wire Stats
10 to 1 Shooting Gallery: The Wire
By
TheNakedEmperor
7m
55 Questions
941 Plays
941 Plays
941 Plays
Comments
Comments
Give Quiz Kudos
Give Quiz Kudos
-
- Ratings
hide this ad
Forced Order
Answers have to be entered in order
Answers have to be entered in order
Replay
Link that replays current quiz
Next Quiz
Link to next quiz in quiz playlist
You Got
0%
They Got
Avg Score
64%
Avg Friend Score
Upgrade to see
Score Distribution
Jump to the score distribution portion of the page
Score
0/55
Timer
07:00
0
Plays Today
% Correct
Avon Barksdale
95.7%
Bodie Broadus
89.4%
Cheese Wagstaff
87.8%
Marlo Stanfield
84%
Stringer Bell
83%
Bunk Moreland
82.1%
Jimmy McNulty
81.7%
Wee-Bey Brice
80%
Lester Freamon
79.5%
Proposition Joe Stewart
78.5%
Snoop Pearson
78.4%
Thomas “Herc” Hauk
78%
Slim Charles
77.7%
Shakima Greggs
77.6%
Clay Davis
76.5%
Ellis Carver
75.5%
Bubbles
74.3%
Clarence Royce
74.1%
Jay Landsman
73.8%
Omar Little
72.9%
Tommy Carcetti
71.6%
Duquan Weems
71%
Brother Mouzone
68.8%
Namond Brice
68.3%
Rhonda Pearlman
68.1%
The Greek
67.3%
Marla Daniels
67.2%
Maurice Levy
67.1%
% Correct
Randy Wagstaff
65.9%
Ray Cole
64.9%
Kenneth Dozerman
63.8%
Spiros Vondas
63.7%
Alma Gutierrez
63.3%
Scott Templeton
62.9%
Eunetta Perkins
62%
Anthony Gray
60%
Odell Watkins
59.3%
Johnny Weeks
56.7%
Augustus Haynes
56%
Elena McNulty
54.6%
Dennis “Cutty” Wise
54.5%
William Gant
53.5%
Nerese Campbell
53.2%
Zenobia Dawson
53.2%
Rupert Bond
46.8%
Deacon
46.4%
Shardene Innes
45.7%
Ilene Nathan
45.4%
Darnell Tyson
44.4%
Crystal Judkins
40.8%
Roger Twigg
40.5%
Dee Dee
40%
Nakeisha Lyles
37.3%
Grace Sampson
35.8%
Steven Demper
35.8%
Quiz Playlist
Details
Report
Send in Message
Add To Playlist
Clickable:
Select answers by clicking on text or image buttons
Forced Order:
Answers have to be entered in order
Last Updated: Feb 16, 2017
Quiz Scoreboard
CHALLENGE
Sign Up to Join the Scoreboard
Show All
Scores
Hide
Comments
May contain spoilers
Recently Published
Two Season TV Shows II
by 123Four
Television
10m
Image Sorting: Flags VI
by Barbecue
Geography
2m
Find the 'City' Movie
by crazypaving
Movies
60s
More to Explore
Quiz From the Vault
Featured Blog Post
14 Easter Pick-up Lines to Find Eggs With
hide this ad
You Might Also Like...
Tags
Clickable Quiz
10 to 1
hbo
HBO Original
Shooting Gallery
The Wire
Today's Top Quizzes in Television
Browse Television
hide this ad
Today's Top Quizzes in Clickable
Browse Clickable
Top Contributed Quizzes in Television
1
Survivor Journey Challenge
2
Even More Two Season TV Shows
3
Adjectives in 00s TV Shows
4
Brooklyn Nine Nine Logic Puzzle (How-To-Play)
5
Adjectives in 10s TV Shows
6
Click the SpongeBob Episodes (Season 3)
7
Even More Three Season TV Shows
8
Survivor Logic Puzzle: Heroes vs. Villains
9
Total Drama Characters
10
Survivor Heroes vs. Villains Logic Puzzle
Explore More
Trending Topics
NBA
Kpop
Disney
Anime
Marvel
Crossword
Harry Potter
NFL
Pokémon
Puzzle
Country
Song
The Office
WWE
Soccer
hide this ad
More By:
TheNakedEmperor
Quiz
Plays
Rating
Category
Featured
Created
10 to 1 Shooting Gallery: Buffyverse
2,847
4.41
Television
Dec 23, 2016
10 to 1 Shooting Gallery: Game of Thrones
2,816
4.77
Television
Dec 22, 2016
10 to 1 Shooting Gallery: HBO Original Series
1,549
4.50
Television
Dec 23, 2016
10 to 1 Shooting Gallery: TV High Schools
1,398
4.75
Television
Dec 24, 2016
RuPaul's Drag Race Sorting Gallery
1,005
5.00
Television
Aug 15, 2019
Go to Creator's Profile
Score Distribution
Quiz Creator Spotlight
TheNakedEmperor
Follow
Send a Message
Quizzes Created
-
Created Quiz Play Count
-
More By This Creator
Popular Quizzes Today
1
Find the US States - No Outlines Minefield
2
Colored Red Africa Blitz
3
Find the 'City' Movie
4
5x2 Blitz: Bands
5
The Countries of the World
6
Find the Countries of Europe - No Outlines Minefield
7
Find the US States
8
US States
More Television Quizzes
Animated Thanksgivings
Curator's Pick
Trending Quizzes
Colored Red Europe Blitz I
Colored Red Africa Blitz II
Colored Red Europe Blitz II
Even More Two Season TV Shows
Colored Red Africa Blitz III
Recently Updated
March Madness Men's Triple Doubles
pecheneg
How Do You Spell That?
pecheneg
Godzilla Movies
pecheneg
Grab Bag: 4-10 Letters
pecheneg
2024 March Madness Bracket
pecheneg
Famous TV Couples
Peacemaker
Champions League XIs: Real Madrid
pecheneg
Largest US Cities 1790-2010
pecheneg
Rides in Walt Disney World
pecheneg
Most Oscar Losses (Acting)
pecheneg
Trending Topics
Anime
Marvel
Kpop
NBA
Crossword
Harry Potter
Disney
Song
NFL
Soccer
WWE
Pokémon
Puzzle
The Office
Country
Your Account Isn't Verified!
In order to create a playlist on Sporcle, you need to verify the email address you used during registration. Go to your
Sporcle Settings
to finish the process.
Report this User
Report this user for behavior that violates our
Community Guidelines
.
Details:
Send Report
Go to the Sporcle.com Mobile Site →
Comments